| 000 | 01033nam a2200277Ia 4500 | ||
|---|---|---|---|
| 001 | Para_10150 | ||
| 003 | CHAP | ||
| 008 | 220125sNovi xx 000 0 und d | ||
| 010 | _a208844 | ||
| 040 | _cCHAP | ||
| 090 | _aPA CD - TESIS 222 | ||
| 100 |
_aGonzález Martínez, María del Carmen _9125683 |
||
| 245 |
_aTrampeo masivo de insectos asociados a naranja valencia (Citrus sinensis L.) en Huipiltepec, Martínez de la Torre, Veracruz / _c María del Carmen González Martínez; Director Amalia Pérez Valdez |
||
| 260 |
_aChapingo, Méx. : _b el autor |
||
| 300 | _a1 CDS ROM (129 p.) | ||
| 502 | _aTesis (Ing. Agr. Esp. en Parasitología Agrícola). UACh. Departamento Parasitología Agrícola | ||
| 700 |
_aPérez Valdez, Amalia. Director _9175140 |
||
| 710 |
_aUACh. Departamento Parasitología Agrícola _9164025 |
||
| 901 | _aPA CD - TESIS 222 | ||
| 902 | _aM | ||
| 905 | _a513220Noviembre, 2012 abnm8100000000 06 | ||
| 910 | _aNovi | ||
| 942 | _cPARA | ||
| 942 |
_cPARA _d2 |
||
| 999 |
_c208844 _d208844 |
||